|
|
|
|
| LEADER |
00000nas a2200000 i 4500 |
| 001 |
ssj0000913838 |
| 003 |
WaSeSS |
| 005 |
20200512172242.0 |
| 006 |
m d |
| 007 |
cr n |
| 008 |
130629c20139999sz qx pos 0 0eng |
| 010 |
|
|
|a 2015263056
|
| 022 |
|
|
|a 2304-6740
|l 2304-6740
|
| 035 |
|
|
|a (WaSeSS)ssj0000913838
|
| 037 |
|
|
|b MDPI AG, Klybeckstrasse 64, CH-4057 Basel, Switzerland
|
| 040 |
|
|
|a Nz
|b eng
|e pn
|c UX0
|d OCLCO
|d CNCGM
|d CUS
|d OCLCO
|d CUS
|d OCLCO
|d TXA
|d OCLCO
|d OCLCF
|d OCLCO
|d AU@
|d WaSeSS
|
| 042 |
|
|
|a pcc
|
| 050 |
1 |
4 |
|a QD146
|b .I595
|
| 210 |
0 |
|
|a Inorganics
|b (Basel)
|
| 222 |
|
0 |
|a Inorganics
|b (Basel)
|
| 245 |
0 |
0 |
|a Inorganics
|h [electronic resource].
|
| 260 |
|
|
|a Basel, Switzerland :
|b MDPI AG,
|c [2013]-
|
| 310 |
|
|
|a Quarterly
|
| 362 |
1 |
|
|a Began with: Volume 1, issue 1 (December 2013).
|
| 506 |
|
|
|a License restrictions may limit access.
|
| 515 |
|
|
|a Articles added as received to issue in progress.
|
| 588 |
|
|
|a Description based on: Volume 1, issue 1 (December 2013); title from PDF article running title (MDPI, viewed November 1, 2015).
|
| 588 |
|
|
|a Latest issue consulted: Volume 3, issue 4 (December 2015) (MDPI, viewed November 1, 2015).
|
| 650 |
|
0 |
|a Chemistry, Inorganic
|v Periodicals.
|
| 650 |
|
7 |
|a Chemistry, Inorganic.
|2 fast
|0 (OCoLC)fst00853488
|
| 655 |
|
0 |
|a Electronic journals.
|
| 710 |
2 |
|
|a Multidisciplinary Digital Publishing Institute.
|
| 856 |
4 |
0 |
|z Full text available from Research Library: 01/01/2013 to 12/31/2018
|u https://search.proquest.com/publication/2032382
|
| 856 |
4 |
0 |
|z Full text available from Research Library: 01/01/2020 to present
|u https://search.proquest.com/publication/2032382
|